000 00504nab a2200193 4500
001 244442
003 OSt
005 20250610114838.0
007 tu
008 200917s2020|||||||
040 _aDE-2950
_cDE-2950
245 0 0 _aCodex im Stadtarchiv gescannt
_cred
264 _c2024
653 _aFrankfurt (Oder)
653 _aStadtarchiv
653 _aCodex Seidelianus Novi Testamenti
773 0 _g36. Jahrgang (2025) Nr. 124 vom 30.05.2025, S. 15 mit Foto
_tMärkische Oderzeitung
942 _2z
_cA
999 _c373804
_d373804